ARRUPE JESUIT UNIVERSITY

CORONAVIRUS -STOP THE SPREAD - CLEAN,DISINFECT,COVER

Science and Reality (Record no. 87546)

MARC details
000 -LEADER
fixed length control field 00434nam a2200169Ia 4500
003 - CONTROL NUMBER IDENTIFIER
control field ARRUPE
005 - DATE AND TIME OF LATEST TRANSACTION
control field 20150916100713.0
008 - FIXED-LENGTH DATA ELEMENTS--GENERAL INFORMATION
fixed length control field 130307s9999 xx 000 0 und d
040 ## - CATALOGING SOURCE
Transcribing agency ARRUPELIB
050 ## - LIBRARY OF CONGRESS CALL NUMBER
Classification number Q175.
Item number S192
300 ## - PHYSICAL DESCRIPTION
Dimensions 17cm.
100 ## - MAIN ENTRY--PERSONAL NAME
Personal name Sampson, R.A
9 (RLIN) 19934
245 ## - TITLE STATEMENT
Title Science and Reality
260 ## - PUBLICATION, DISTRIBUTION, ETC. (IMPRINT)
Place of publication, distribution, etc London
Name of publisher, distributor, etc Ernest Benn LTD
Date of publication, distribution, etc 1928
300 ## - PHYSICAL DESCRIPTION
Extent 79p.;
650 ## - SUBJECT ADDED ENTRY--TOPICAL TERM
Source of heading or term Sciencen
Topical term or geographic name as entry element Philosophy
9 (RLIN) 19935
942 ## - ADDED ENTRY ELEMENTS (KOHA)
Source of classification or shelving scheme Library of Congress Classification
Koha item type Monograph ( Printed materials)
Holdings
Withdrawn status Lost status Source of classification or shelving scheme Damaged status Not for loan Collection code Home library Current library Shelving location Date acquired Total Checkouts Full call number Barcode Date last seen Copy number Price effective from Koha item type
    Library of Congress Classification     Main Collection ARRUPE LIBRARY ARRUPE LIBRARY Main Collection 07/03/2013   Q175.S192 46003086886 03/07/2019 1 07/03/2013 Monograph ( Printed materials)

 

Arrupe Library. PO Box MP320 Mt Pleasant, Harare, Zimbabwe
263 242 745411|librarian@aju.ac.zw